000 00724nam a22002657a 4500
003 UA-OsUOA
001 25105
007 ta
008 20040315b un ||||| |||| 00| 0 ukr d
100 _aБіленчук Д. П.
700 _aЗалетов О. М.
090 _a347.764(477)(075.8)
_bБ61
942 _cBK
040 _aUA-OsUOA
_bukr
_cUA-OsUOA
_dUA-OsUOA
245 _aСтрахове право України
_bпідручник
300 _a368 с.
955 _a2
041 _aukr
080 _a347.764(477)(075.8)
020 _a966-95627-4-0
260 _aК.
_bАтіка
_c1999
044 _aUA
650 7 _a347 Цивільне право. Судовий устрій
_2UDC
999 _c311397
_d311397